| 000 | 00640nam a2200205 a 4500 | ||
|---|---|---|---|
| 001 | BRCA_3812 | ||
| 005 | 20190320204432.0 | ||
| 008 | 271109c2000----u--a######---#000-0#eng-# | ||
| 020 | _a0935937145 | ||
| 041 | _aeng | ||
| 044 | _au | ||
| 050 | 4 |
_aN635 _b.M43 2000 |
|
| 245 | 1 | 0 |
_aThe Meadows Museum _bA Handbook of Spanish Painting and Sculpture. |
| 260 |
_aDallas, Texas _bSouthern Methodist University _c2000 |
||
| 300 |
_a96 p. _bil. a color _c22 cm. |
||
| 500 | _aIncluye listado de obra | ||
| 610 | 2 | 4 |
_aThe Meadows Museum (Dallas, Texas) _xColecciones de arte _99935 |
| 650 | 1 | 4 |
_aMuseos de arte _zEstados Unidos _99936 |
| 942 |
_2lcc _cB |
||
| 999 |
_c3541 _d3541 |
||